| 000 | 00916nam a22002897a 4500 | ||
|---|---|---|---|
| 005 | 20220329141259.0 | ||
| 008 | 971010s1988 r 00010 d | ||
| 010 | _a65665 | ||
| 011 | _a66637 | ||
| 035 | _a75124 | ||
| 082 |
_a636.9 _bP6 |
||
| 100 | 0 | 0 |
_aPonce de León Senti, Raquel. _990784 |
| 245 | _aInvestigaciones sobre el mejoramiento genético del conejo | ||
| 260 |
_aLa Habana : _bEdica, _c1988 |
||
| 300 | _a159 p | ||
| 490 | _aSerie Genética No. 1 | ||
| 500 | _a1992-231 | ||
| 590 |
_aBATCH-UPD _b10 _c20130110 _lUCH01 _h0608 |
||
| 590 |
_aBATCH-UPD _b10 _c20130410 _lUCH01 _h0250 |
||
| 590 |
_aBATCH-UPD _b10 _c20130914 _lUCH01 _h1029 |
||
| 590 |
_aCONVERSION _b10 _c20130109 _lUCH01 _h1336 |
||
| 650 | 1 | 4 |
_aConejos _xGenética. _926367 |
| 650 | 1 | 4 |
_aConejos _xMejoramiento. _926371 |
| 830 | 0 |
_aSerie Genética No. 1 _9104886 |
|
| 901 | _aBK | ||
| 949 |
_a636.9 P6 _bZ _cLIBRO _d-8058 _eLIBRO _h1371 _i75124 _si |
||
| 999 |
_c65665 _d65665 |
||